Evaluación inicial de riesgos laborales por puesto de trabajo en la empresa, Metalurgia Martínez ubicada en Managua

El estudio presenta una evaluación inicial de riesgos laborales por puesto de trabajo en la empresa Metalurgia Martínez ubicada en Managua. Dicho estudio consistió en la realización de una propuesta de plan de acción para los riesgos que no están controlados en la empresa.

Bibliographic Details
Main Authors: López Pérez, Guillermo Javier, Luna Barrantes, Jeanncarlo Uziel, Padilla Cañada, Jefferson Edén
Other Authors: Tutor: Cáceres Antón, Juan Agustín
Format: Tesis Section = Libro
Language:Undetermined
Spanish
Published: Managua UNI 2023
Subjects:
LEADER 01209nam a2200277Ia 4500
008 240830s9999 xx 000 0 und d
040 |a BIBLIOTECA-RUPAP/ Mon 363.11 L864 
041 |a spa 
082 |a Mon 363.11 L864 
100 1 |a López Pérez, Guillermo Javier 
100 1 |b Luna Barrantes, Jeanncarlo Uziel 
100 1 |c Padilla Cañada, Jefferson Edén 
245 1 0 |a Evaluación inicial de riesgos laborales por puesto de trabajo en la empresa, Metalurgia Martínez ubicada en Managua 
260 |a Managua  |b UNI  |c 2023 
300 |a 214 p. :il. 
500 |a Contiene: anexos y CD. 
502 |a Tesis (Ingeniero Industrial) - UNI, 2023. 
520 3 |a El estudio presenta una evaluación inicial de riesgos laborales por puesto de trabajo en la empresa Metalurgia Martínez ubicada en Managua. Dicho estudio consistió en la realización de una propuesta de plan de acción para los riesgos que no están controlados en la empresa. 
650 7 |a EVALUACION DE RIESGOS 
650 7 |b  SEGURIDAD INDUSTRIAL 
650 7 |c  SEGURIDAD OCUPACIONAL 
650 7 |d  ACCIDENTES DE TRABAJO 
700 1 |a Tutor:  |b Cáceres Antón, Juan Agustín 
942 |c BK  |2 ddc 
991 |a Tesis 
999 |c 27551